Hotelový marketing on-line
Dôležitosť internetu pre hotelový priemysel. Internet ako marketingový a distribučný kanál. Prezentácia hotela na internete. Nárast internetových hotelových rezervácií. Jednoduché a prehľadné webové stránky pre skôr narodených. Nárast cestujúcich v seniorskom veku. Internetové desatoro pre moderného...
Salvato in:
| Autore principale: | |
|---|---|
| Natura: | Capitolo di libro |
| Lingua: | ceco |
| Soggetti: | |
| Tags: |
Nessun Tag, puoi essere il primo ad aggiungerne!!
|
MARC
| LEADER | 00000naa$a2200000$$$4500 | ||
|---|---|---|---|
| 001 | 0079055 | ||
| 005 | 20231018131219.8 | ||
| 041 | 0 | |a cze | |
| 044 | |a CZ | ||
| 245 | 1 | 0 | |a Hotelový marketing on-line |c Linda Nejezchlebová |
| 520 | |a Dôležitosť internetu pre hotelový priemysel. Internet ako marketingový a distribučný kanál. Prezentácia hotela na internete. Nárast internetových hotelových rezervácií. Jednoduché a prehľadné webové stránky pre skôr narodených. Nárast cestujúcich v seniorskom veku. Internetové desatoro pre moderného hoteliéra. | ||
| 610 | 2 | 0 | |a hotelierstvo |
| 610 | 2 | 0 | |a hotely |
| 610 | 2 | 0 | |a ruch cestovný |
| 610 | 2 | 0 | |a zákazníci |
| 610 | 2 | 0 | |a internet |
| 610 | 2 | 0 | |a prezentácia firemná |
| 610 | 2 | 0 | |a komunikácia firemná |
| 610 | 2 | 0 | |a marketing |
| 100 | 1 | |a Nejezchlebová, Linda | |